LEADER 00992nam 2200253la 450 001 9910482458003321 005 20221102161710.0 035 $a(UK-CbPIL)2090368607 035 $a(CKB)5500000000092594 035 $a(EXLCZ)995500000000092594 100 $a20221102d1632 uy | 101 0 $afre 135 $aurcn||||a|bb| 200 10$aEssay des merveilles de nature, et des plus nobles artifices. Piece tres necessaire a tous ceux qui font profession d'eloquence / By R. Franc?ois [E. Binet] 210 $aParis $cJacques Dugast$d1632 215 $aOnline resource ([8] leaves, 607 p. : woodcuts , (8vo)) 300 $aReproduction of original in The Wellcome Library, London. 700 $aBinet$b E?tienne$f1569-1639.$00 801 0$bUk-CbPIL 801 1$bUk-CbPIL 906 $aBOOK 912 $a9910482458003321 996 $aEssay des merveilles de nature, et des plus nobles artifices. Piece tres necessaire a tous ceux qui font profession d'eloquence$91932492 997 $aUNINA